Origen y evolución de la investigación en la Universidad Autónoma del Estado de México : (Record no. 87363)

MARC details
000 -CABECERA
campo de control de longitud fija 00697nam a2200193 a 4500
005 - FECHA Y HORA DE LA ÚLTIMA TRANSACCIÓN
campo de control 20221012063518.0
008 - ELEMENTOS DE LONGITUD FIJA--INFORMACIÓN GENERAL
campo de control de longitud fija 011024s1997 mx r 000 0 spa d
020 ## - NÚMERO INTERNACIONAL NORMALIZADO PARA LIBROS
Número Internacional Estándar del Libro 9688353779
035 ## - NÚMERO DE CONTROL DEL SISTEMA
Número de control de sistema UPN01000113455
049 ## - COLECCIÓN
Colección CG
050 #4 - SIGNATURA TOPOGRÁFICA DE LA BIBLIOTECA DEL CONGRESO
Número de clasificación LE7.3931 E2g
Número de documento/Ítem L6.6
100 1# - ASIENTO PRINCIPAL--NOMBRE PERSONAL
Nombre de persona López Suárez, José Antonio
245 10 - MENCIÓN DE TÍTULO
Título Origen y evolución de la investigación en la Universidad Autónoma del Estado de México :
Resto del título 1956-1996 /
Mención de responsabilidad, etc. José Antonio López Suárez.
260 ## - PUBLICACIÓN, DISTRIBUCIÓN, ETC.
Lugar de publicación, distribución, etc. Toluca :
Nombre del editor, distribuidor, etc. UAEM,
Fecha de publicación, distribución, etc. 1997.
300 ## - DESCRIPCIÓN FÍSICA
Extensión 141, [160] p. :
Otras características físicas cuadros, gráfs.
610 24 - ASIENTO SECUNDARIO DE MATERIA - NOMBRE CORPORATIVO
Nombre de entidad corporativa o nombre de jurisdicción como elemento de entrada UNIVERSIDAD AUTONOMA DEL ESTADO DE MEXICO -
Subdivisión de forma PLANES Y PROGRAMAS
9 (RLIN) 17793
650 #2 - ASIENTO SECUNDARIO DE MATERIA - TERMINO TEMATICO
Término de materia o nombre geográfico como elemento de entrada Proyectos de investigación
9 (RLIN) 14388
905 ## - TIPO DE MATERIAL
Tipo de material Libro
Holdings
Estado de retiro Estado de pérdida Fuente del sistema de clasificación o colocación Estado dañado No para préstamo Código de colección Localización permanente Ubicación/localización actual Ubicación en estantería Total de préstamos Clasificación Código de barras Fecha visto por última vez Número de copia Tipo de ítem Koha
    Library of Congress Classification     Colección General Bib. Gregorio Torres Quintero Bib. Gregorio Torres Quintero Planta baja   LE7.3931 E2g L6.6 187085 31/12/2020 1 Libro